000 00264nam a22001217a 4500
008 170930b xxu||||| |||| 00| 0 eng d
041 _aeng
080 _a37
100 _a47
101 _aEDU
245 _aWOMEN IN HIGHER EDUCATION
_cWELCH, L.B
942 _2udc
_cBK
999 _c30925
_d30925